[Event "Corr"]
[Site "?"]
[Date "1996.11.01"]
[Round "?"]
[White "Cayford Richard Anthony (US"]
[Black "Tomkovich Viktor Vasilyevich"]
[Result "1/2-1/2"]
[WhiteElo "2525"]
[BlackElo "2505"]
[PlyCount "54"]
[EventDate "1996.??.??"]
[Source "www.chesslib.no"]
[SourceDate "2004.05.04"]

1. e4 e5 2. Nf3 Nc6 3. Bb5 a6 4. Ba4 Bc5 5. c3 b5 6. Bb3 Qe7 7. O-O d6 8. d4 Bb6 9. a4 Rb8 10. axb5 axb5 11. Na3 Na5 12. Nxb5 Nxb3 13. Qxb3 Nf6 14. Re1 Bg4 15. Qd1 O-O 16. Qd3 c6 17. Na3 Bxf3 18. gxf3 exd4 19. cxd4 Nh5 20. Nc4 d5 21. Nxb6 Rxb6 22. Ra6 Rxa6 23. Qxa6 Qe6 24. Qe2 Re8 25. Bd2 Qh3 26. Qf1 Qxf3 27. exd5 Qg4+ 1/2-1/2

[Event "Corr"]
[Site "?"]
[Date "1996.11.01"]
[Round "?"]
[White "Sychev Anatoly Viktorovich"]
[Black "Tomkovich Viktor Vasilyevich"]
[Result "1-0"]
[WhiteElo "2510"]
[BlackElo "2505"]
[PlyCount "87"]
[EventDate "1996.??.??"]
[Source "www.chesslib.no"]
[SourceDate "2004.05.04"]

1. e4 e5 2. Nf3 Nc6 3. Bb5 a6 4. Ba4 Bc5 5. c3 Qe7 6. O-O b5 7. Bb3 d6 8. d4 Bb6 9. a4 Rb8 10. axb5 axb5 11. Na3 Na7 12. Nc2 Nf6 13. Bg5 h6 14. Bxf6 Qxf6 15. Nb4 Bb7 16. dxe5 dxe5 17. Nd5 Bxd5 18. Qxd5 Nc6 19. Kh1 O-O 20. Qxb5 Rfe8 21. Qe2 Ne7 22. Bc4 Ng6 23. g3 Rbd8 24. Rfd1 Nf8 25. Kg2 Ne6 26. Bxe6 Qxe6 27. Nd2 g5 28. h3 Rd6 29. Nc4 Rc6 30. b3 Qg6 31. Rd5 Rce6 32. Rd7 R6e7 33. Ra8 Kg7 34. Rxe8 Rxe8 35. Qf3 Re6 36. Qf5 Qxf5 37. exf5 Re8 38. g4 e4 39. Rd5 Kf6 40. Nxb6 cxb6 41. Rb5 Rd8 42. Rxb6+ Ke5 43. Rb5+ Kf6 44. b4 1-0

[Event "Skei"]
[Site "Skei"]
[Date "1993.??.??"]
[Round "8"]
[White "Hellers, Ferdinand"]
[Black "Kristensen, Bjarke"]
[Result "0-1"]
[WhiteElo "2565"]
[BlackElo "2445"]
[PlyCount "64"]
[EventDate "1993.??.??"]
[Source "ChessBase"]

1. e4 e5 2. Nf3 Nc6 3. Bb5 a6 4. Ba4 Bc5 5. c3 Nf6 6. d4 Ba7 7. O-O b5 8. Bc2 d6 9. a4 O-O 10. axb5 axb5 11. Na3 Ba6 12. Bd3 exd4 13. Nxb5 Bxb5 14. Bxb5 Bb6 15. Bg5 Rxa1 16. Qxa1 Na7 17. Bd3 dxc3 18. bxc3 Nc6 19. Nd4 Nxd4 20. cxd4 h6 21. Be3 Ng4 22. Bd2 Qf6 23. Bc3 d5 24. e5 Qf4 25. g3 Qf3 26. Qd1 Nxe5 27. Bb4 Qxd3 28. Bxf8 Nf3+ 29. Kg2 Nd2 30. Re1 Kxf8 31. Qa4 Qf3+ 32. Kh3 Kg8 0-1

[Event "HUN-chT 0203"]
[Site "?"]
[Date "2002.11.24"]
[Round "3"]
[White "Fogarasi Tibor"]
[Black "Varga Zoltan"]
[Result "1/2-1/2"]
[WhiteElo "2466"]
[BlackElo "2528"]
[PlyCount "92"]
[EventDate "2002.??.??"]
[Source "www.chesslib.no"]
[SourceDate "2004.05.04"]

1. e4 e5 2. Nf3 Nc6 3. Bb5 a6 4. Ba4 Bc5 5. O-O d6 6. c3 Bg4 7. d3 Qf6 8. Be3 Bxf3 9. Qxf3 Qxf3 10. gxf3 Nge7 11. f4 Bb6 12. Nd2 O-O-O 13. Bb3 f6 14. Be6+ Kb8 15. Bxb6 cxb6 16. f5 d5 17. Rad1 g6 18. fxg6 hxg6 19. f4 exf4 20. Rxf4 dxe4 21. Nxe4 f5 22. Ng5 Ne5 23. d4 Rh5 24. Nf7 Nxf7 25. Bxf7 Rh7 26. Be6 b5 27. d5 Nc6 28. Re1 Ne7 29. Rd1 Nc8 30. Bxc8 Kxc8 31. b3 Rc7 32. c4 bxc4 33. bxc4 Kd7 34. Re1 Rdc8 35. Re6 Rxc4 36. Rxc4 Rxc4 37. Rxg6 Rg4+ 38. Rxg4 fxg4 39. Kf2 Kd6 40. Kg3 b5 41. Kxg4 b4 42. Kf3 a5 43. Ke4 a4 44. Kd4 b3 45. axb3 axb3 46. Kc3 Kxd5 1/2-1/2

[Event "Kladovo"]
[Site "?"]
[Date "1980.04.11"]
[Round "2"]
[White "Kuzmin Gennadi P"]
[Black "Haik Aldo"]
[Result "1/2-1/2"]
[WhiteElo "2530"]
[BlackElo "2440"]
[PlyCount "56"]
[EventDate "1980.??.??"]
[Source "www.chesslib.no"]
[SourceDate "2004.05.04"]

1. e4 e5 2. Nf3 Nc6 3. Bb5 a6 4. Ba4 Bc5 5. O-O f6 6. c3 d6 7. d4 Ba7 8. c4 Bd7 9. Be3 Nge7 10. Nc3 O-O 11. d5 Nb8 12. Bxa7 Rxa7 13. b4 Ng6 14. Bxd7 Nxd7 15. Qc2 Qe8 16. g3 Ne7 17. Nh4 Ra8 18. a3 Qh5 19. Rac1 f5 20. Qd1 Qh6 21. exf5 Nxf5 22. Nxf5 Rxf5 23. Qg4 Rf7 24. Ne4 Nf6 25. Nxf6+ Rxf6 26. c5 Raf8 27. Rc2 Rf3 28. cxd6 Qxd6 1/2-1/2

[Event "Stockholm2"]
[Site "Stockholm"]
[Date "1998.08.08"]
[Round "8"]
[White "Rytshagov, Mikhail"]
[Black "Tella, Jussi"]
[Result "1-0"]
[WhiteElo "2565"]
[BlackElo "2395"]
[PlyCount "97"]
[EventDate "1998.08.??"]
[Source "www.chesslib.no"]
[SourceDate "2004.05.04"]

1. e4 e5 2. Nf3 Nc6 3. Bb5 a6 4. Ba4 Bc5 5. O-O Nge7 6. Nxe5 Nxe5 7. d4 Ba7 8. dxe5 Ng6 9. Kh1 Nxe5 10. Qh5 Qe7 11. Nc3 c6 12. Bg5 Qe6 13. Bb3 Qg6 14. Qh4 f6 15. Bf4 Qg4 16. Qxg4 Nxg4 17. h3 Ne5 18. a4 d6 19. Bg3 Ke7 20. f4 Ng6 21. Rad1 Rf8 22. Ne2 f5 23. exf5 Bxf5 24. Nd4 Bxd4 25. Rxd4 h5 26. a5 Rad8 27. c4 Rf6 28. Bd1 h4 29. Be1 Re6 30. Bf3 Rf8 31. Bc3 Rf7 32. Bh5 Kd7 33. Be1 Rfe7 34. Bxg6 Rxg6 35. Bxh4 Re2 36. Rf2 Rxf2 37. Bxf2 c5 38. Rd2 Kc6 39. g4 Be4+ 40. Kh2 d5 41. cxd5+ Bxd5 42. f5 Rd6 43. Bg3 Rd7 44. Be5 Re7 45. Bc3 Be4 46. Re2 Kd5 47. Kg3 Rc7 48. Kf4 Bd3 49. Re6 1-0

[Event "Wch15 sf corr"]
[Site "Wch15 sf corr"]
[Date "1987.??.??"]
[Round "?"]
[White "Brzozka, Stefan"]
[Black "Melts, Michael A"]
[Result "1-0"]
[WhiteElo "2525"]
[BlackElo "2430"]
[PlyCount "115"]
[EventDate "1987.??.??"]
[Source "www.chesslib.no"]
[SourceDate "2004.05.04"]

1. e4 e5 2. Nf3 Nc6 3. Bb5 a6 4. Ba4 Bc5 5. c3 Nf6 6. d4 Ba7 7. O-O O-O 8. dxe5 Nxe4 9. Qd5 Nc5 10. Bc2 Ne7 11. Qd1 Ne6 12. Ng5 Nxg5 13. Bxg5 Qe8 14. Re1 Ng6 15. Nd2 Qe6 16. Qh5 d5 17. exd6 Qxd6 18. Ne4 Qc6 19. Be7 Re8 20. Ng5 Qxg2+ 21. Kxg2 Nf4+ 22. Kf3 Nxh5 23. Bb3 Be6 24. Rxe6 fxe6 25. Bxe6+ Kh8 26. Nf7+ Kg8 27. Nd6+ Kh8 28. Nxe8 Rxe8 29. Rd1 Nf6 30. Rd8 Rxd8 31. Bxd8 Bb6 32. Bc8 a5 33. Bxb7 Kg8 34. c4 Nd7 35. Ke2 Kf8 36. b3 h6 37. Bh4 Nc5 38. Bd5 g5 39. Bg3 Ke7 40. f3 Kd7 41. Bg8 c6 42. Bf2 Ke7 43. Bh7 Nd7 44. Bxb6 Nxb6 45. Ke3 Nd7 46. Bf5 Nb8 47. Kd4 Kd6 48. c5+ Ke7 49. Be4 Ke6 50. Bd3 Nd7 51. a3 Ke7 52. Be4 Nb8 53. Kc4 Kd7 54. b4 axb4 55. Kxb4 Kc7 56. Kc4 Na6 57. Kd4 Kd7 58. Bd3 1-0

[Event "Gausdal MI 9394"]
[Site "Gausdal"]
[Date "1993.??.??"]
[Round "2"]
[White "Ernst, Thomas"]
[Black "Kristensen, Bjarke"]
[Result "1/2-1/2"]
[WhiteElo "2480"]
[BlackElo "2470"]
[PlyCount "116"]
[EventDate "1993.12.??"]
[Source "ChessBase"]

1. e4 e5 2. Nf3 Nc6 3. Bb5 a6 4. Ba4 Bc5 5. c3 Nf6 6. d4 Ba7 7. O-O O-O 8. Bg5 h6 9. Bh4 d6 10. Bxc6 bxc6 11. dxe5 dxe5 12. Nxe5 g5 13. Bg3 Qxd1 14. Rxd1 Nxe4 15. Nxc6 Nxg3 16. hxg3 Bc5 17. Nd2 Re8 18. Re1 Bf5 19. Nb3 Bd6 20. Nbd4 Bd7 21. Kf1 a5 22. Rxe8+ Bxe8 23. Re1 Kf8 24. b3 Ra6 25. Ne5 a4 26. b4 c5 27. b5 Rb6 28. Nc4 cxd4 29. Nxb6 dxc3 30. Rc1 Bxb5+ 31. Kg1 Be5 32. Nd5 Bc4 33. Nxc3 a3 34. Nb5 Bxa2 35. Nxa3 Be6 36. Nc4 Bd4 37. Kf1 Kg7 38. Ke2 Kg6 39. Ne3 Be5 40. Kd3 Bb8 41. Rc6 Ba7 42. Ke4 Kh5 43. f3 Kg6 44. Nf5 h5 45. Nd4 Bxd4 46. Kxd4 Kf5 47. Rc5+ Kf6 48. f4 gxf4 49. gxf4 Bg4 50. Ke4 Kg6 51. Ke5 f6+ 52. Kd6 h4 53. Ke7 h3 54. gxh3 Bxh3 55. Rc6 Kf5 56. Rxf6+ Ke4 57. Rh6 Bg4 58. Kf6 Kxf4 1/2-1/2

[Event "FRA Team Ch"]
[Site "France"]
[Date "1989.??.??"]
[Round "?"]
[White "Wilder, Michael J"]
[Black "Herb, Pascal"]
[Result "1-0"]
[WhiteElo "2540"]
[BlackElo "2405"]
[PlyCount "66"]
[EventDate "1989.??.??"]
[Source "www.chesslib.no"]
[SourceDate "2004.05.04"]

1. e4 e5 2. Nf3 Nc6 3. Bb5 a6 4. Ba4 Bc5 5. O-O f6 6. c3 d6 7. d4 Ba7 8. Nh4 Nge7 9. Qh5+ Kf8 10. Bxc6 bxc6 11. Be3 Qe8 12. Qf3 Qf7 13. dxe5 fxe5 14. Qg3 Ng6 15. Bxa7 Rxa7 16. Nxg6+ Qxg6 17. Qe3 Rb7 18. Nd2 Ke7 19. b4 Be6 20. Nb3 Bxb3 21. axb3 Rb6 22. f4 Qh6 23. Qg3 exf4 24. Rxf4 Rf8 25. Rh4 Qf6 26. Rxh7 Rf7 27. e5 dxe5 28. Re1 Kd7 29. Rh8 c5 30. bxc5 Rxb3 31. Qd3+ Kc6 32. Rd1 Qf2+ 33. Kh1 Qxc5 1-0

[Event "Elgoibar"]
[Site "Elgoibar"]
[Date "1997.12.02"]
[Round "7"]
[White "Sion Castro, Marcelino"]
[Black "Gomez Esteban, Juan Mario"]
[Result "0-1"]
[WhiteElo "2435"]
[BlackElo "2490"]
[PlyCount "102"]
[EventDate "1997.11.26"]
[Source "ChessBase"]
[SourceDate "1998.04.09"]

1. e4 e5 2. Nf3 Nc6 3. Bb5 a6 4. Ba4 Bc5 5. O-O d6 6. d4 exd4 7. Nxd4 Nge7 8. Bg5 Bxd4 9. Bxc6+ bxc6 10. Qxd4 f6 11. Be3 c5 12. Qd2 O-O 13. Nc3 Bb7 14. Rad1 Ng6 15. Nd5 f5 16. exf5 Rxf5 17. c4 Bxd5 18. cxd5 Qh4 19. f4 Raf8 20. g3 Qg4 21. Qg2 R5f7 22. Bd2 Re7 23. Rde1 Rfe8 24. Re6 Nf8 25. Rxe7 Rxe7 26. Re1 Rxe1+ 27. Bxe1 Nd7 28. Qe4 Nf6 29. Qd3 Qh5 30. Qxa6 Qd1 31. Qc8+ Kf7 32. Qe6+ Kg6 33. g4 Qd4+ 34. Kg2 Qxf4 35. h3 Qd4 36. Qf5+ Kf7 37. Qe6+ Kf8 38. Qc8+ Ne8 39. Qf5+ Qf6 40. Bc3 Qxf5 41. gxf5 Nf6 42. Bxf6 gxf6 43. Kg3 Ke7 44. Kg4 Kd7 45. Kh5 c6 46. dxc6+ Kxc6 47. Kg4 Kd5 48. Kf3 Ke5 49. a4 Kd5 50. b3 Kc6 51. Ke3 d5 0-1

[Event "FRA-ch"]
[Site "FRA"]
[Date "1991.??.??"]
[Round "2"]
[White "Renet, Olivier"]
[Black "Haik, Aldo"]
[Result "1-0"]
[WhiteElo "2485"]
[BlackElo "2435"]
[PlyCount "95"]
[EventDate "1991.08.??"]
[Source "ChessBase"]

1. e4 e5 2. Nf3 Nc6 3. Bb5 a6 4. Ba4 Bc5 5. c3 f6 6. d4 Ba7 7. Na3 d6 8. d5 b5 9. Nxb5 axb5 10. Bxb5 Nge7 11. dxc6 O-O 12. Be3 Bxe3 13. fxe3 Be6 14. O-O Qb8 15. a4 Qb6 16. Qe2 Nxc6 17. b4 Kh8 18. a5 Qb7 19. Bc4 Bxc4 20. Qxc4 Ne7 21. Rad1 Rfc8 22. Kh1 Qa7 23. Rfe1 Rf8 24. h3 Rae8 25. Kh2 g6 26. Rd2 Kg7 27. Qd3 h6 28. Nh4 Rf7 29. Rf1 Ref8 30. Rdf2 Qb7 31. Qc4 Ra8 32. Rf3 g5 33. Nf5+ Nxf5 34. exf5 h5 35. e4 c6 36. Rd1 Rd7 37. Rfd3 Rad8 38. Qb3 d5 39. b5 d4 40. cxd4 exd4 41. b6 c5 42. Qb5 Qxe4 43. a6 Qe5+ 44. Kh1 Re7 45. b7 Qc7 46. Rb3 c4 47. a7 Rde8 48. Qxe8 1-0

[Event "Isle of Man Open"]
[Site "Isle of Man IOM"]
[Date "1993.??.??"]
[Round "?"]
[White "Emms, John M"]
[Black "Kristensen, Bjarke"]
[Result "1/2-1/2"]
[WhiteElo "2450"]
[BlackElo "2445"]
[PlyCount "62"]
[EventDate "1993.??.??"]
[Source "www.chesslib.no"]
[SourceDate "2004.05.04"]

1. e4 e5 2. Nf3 Nc6 3. Bb5 a6 4. Ba4 Bc5 5. O-O d6 6. d4 exd4 7. Nxd4 Bd7 8. Be3 Nxd4 9. Bxd7+ Qxd7 10. Bxd4 Bxd4 11. Qxd4 Nf6 12. c4 O-O 13. Nc3 Rfe8 14. Rfd1 Qc6 15. f3 Nd7 16. Nd5 a5 17. b3 b6 18. Rab1 h6 19. h3 Nc5 20. a3 Ne6 21. Qb2 a4 22. b4 Qxc4 23. Rdc1 Qd3 24. Qc3 Qxc3 25. Rxc3 Ra7 26. Rbc1 b5 27. Nxc7 Nxc7 28. Rxc7 Rxc7 29. Rxc7 f5 30. Rb7 fxe4 31. fxe4 Rxe4 1/2-1/2

[Event "Zagreb"]
[Site "?"]
[Date "1979.??.??"]
[Round "11"]
[White "Sznapik Aleksander"]
[Black "Haik Aldo"]
[Result "1/2-1/2"]
[WhiteElo "2435"]
[BlackElo "2435"]
[PlyCount "81"]
[EventDate "1979.??.??"]
[Source "www.chesslib.no"]
[SourceDate "2004.05.04"]

1. e4 Nc6 2. Nf3 e5 3. Bb5 a6 4. Ba4 Bc5 5. O-O f6 6. c3 d6 7. d4 Ba7 8. Be3 Nge7 9. Nbd2 O-O 10. Re1 Kh8 11. h3 exd4 12. cxd4 d5 13. Rc1 Nb4 14. Qb3 dxe4 15. Qxb4 Nd5 16. Qa3 exf3 17. Nxf3 Bf5 18. Bd2 c6 19. Nh4 Bd7 20. Bc2 g5 21. Qd3 Rf7 22. Nf5 Bxf5 23. Qxf5 Bxd4 24. Bxg5 Qd7 25. Qxd7 Rxd7 26. Bh6 Bxb2 27. Rcd1 Be5 28. Re4 Rad8 29. g4 Kg8 30. g5 Kf7 31. Rd3 Nc3 32. Rxd7+ Rxd7 33. Re3 Nd5 34. Rf3 Kg8 35. Bf5 Re7 36. h4 fxg5 37. hxg5 Bg7 38. Bg4 Nc7 39. Rd3 Bxh6 40. gxh6 Kf7 41. Bf5 1/2-1/2

[Event "Oslo CI"]
[Site "Oslo"]
[Date "1974.??.??"]
[Round "9"]
[White "Westerinen, Heikki MJ"]
[Black "Kristiansen, Erling"]
[Result "1-0"]
[WhiteElo "2435"]
[BlackElo "2405"]
[PlyCount "111"]
[EventDate "1974.??.??"]
[Source "ChessBase"]

1. e4 e5 2. Nf3 Nc6 3. Bb5 a6 4. Ba4 Bc5 5. d3 Nge7 6. O-O d6 7. Be3 O-O 8. Nbd2 Bxe3 9. fxe3 b5 10. Bb3 Na5 11. Nh4 Nxb3 12. axb3 Nd5 13. exd5 Qxh4 14. c4 Bb7 15. Rf3 f5 16. Rh3 Qe7 17. Qh5 h6 18. Rf1 Bc8 19. Rg3 Rf6 20. Qh4 Kh8 21. Rg6 Qf7 22. Rxf6 Qxf6 23. Qxf6 gxf6 24. g4 bxc4 25. bxc4 fxg4 26. Rxf6 Kg7 27. Rf2 Rb8 28. b3 a5 29. Kg2 a4 30. bxa4 Ra8 31. Ne4 Rxa4 32. Nf6 Ra7 33. Kg3 Kg6 34. Kh4 Bf5 35. e4 Kxf6 36. Rxf5+ Kg7 37. Rf2 Ra3 38. Rd2 Kg6 39. Kxg4 h5+ 40. Kf3 Kg5 41. Kg3 Ra1 42. Rb2 h4+ 43. Kf3 Rf1+ 44. Ke2 Rh1 45. Ke3 Kg4 46. Rb7 Rxh2 47. Rxc7 Rh3+ 48. Kd2 Rf3 49. Rg7+ Kh5 50. Rh7+ Kg4 51. Rg7+ Kh5 52. Rh7+ Kg4 53. c5 dxc5 54. Kc3 h3 55. Kc4 Kg3 56. d6 1-0

[Event "Moscow RUS"]
[Site "?"]
[Date "2000.??.??"]
[Round "5"]
[White "Kuporosov Viktor"]
[Black "Rodin Mihail"]
[Result "1/2-1/2"]
[WhiteElo "2470"]
[BlackElo "2365"]
[PlyCount "99"]
[EventDate "2000.??.??"]
[Source "www.chesslib.no"]
[SourceDate "2004.05.04"]

1. e4 e5 2. Nf3 Nc6 3. Bb5 a6 4. Ba4 Bc5 5. c3 Nge7 6. O-O Ba7 7. d4 exd4 8. cxd4 d5 9. exd5 Nxd5 10. Re1+ Be6 11. Bg5 Qd6 12. Nc3 Nxc3 13. bxc3 O-O 14. Qd3 Bd5 15. Bc2 Qg6 16. Qd2 Qh5 17. Be4 Bxe4 18. Rxe4 Rae8 19. Rae1 f6 20. Bf4 Bb6 21. Qe2 Rxe4 22. Qxe4 Qg6 23. Qe2 Qf7 24. h3 Rd8 25. Qc2 Na5 26. Nd2 c5 27. Qb2 Ba7 28. Qa3 Nc4 29. Nxc4 Qxc4 30. Be3 cxd4 31. Qe7 Qd5 32. Bxd4 Bxd4 33. cxd4 h6 34. Re3 Rd7 35. Qe8+ Kh7 36. Re4 Qxa2 37. Qxd7 Qb1+ 38. Kh2 Qxe4 39. d5 b5 40. d6 b4 41. Qe7 Qf4+ 42. Kg1 b3 43. g3 Qc1+ 44. Kh2 Qc2 45. Qe3 b2 46. d7 b1=Q 47. d8=Q Qf1 48. Qdd4 Qcb1 49. Qee4+ f5 50. Qxg7+ 1/2-1/2

[Event "FRA Team Ch"]
[Site "France"]
[Date "1992.??.??"]
[Round "?"]
[White "Murey, Jacob I"]
[Black "Herb, Pascal"]
[Result "1-0"]
[WhiteElo "2445"]
[BlackElo "2390"]
[PlyCount "67"]
[EventDate "1992.??.??"]
[Source "www.chesslib.no"]
[SourceDate "2004.05.04"]

1. e4 e5 2. Nf3 Nc6 3. Bb5 a6 4. Ba4 Bc5 5. c3 f6 6. d4 Ba7 7. a3 d6 8. h3 Nge7 9. Bb3 Ng6 10. O-O Qe7 11. Be3 Nd8 12. dxe5 fxe5 13. Bg5 Qd7 14. Nbd2 Ne6 15. Be3 Ngf4 16. Bxa7 Rxa7 17. Nc4 O-O 18. Ne3 Kh8 19. h4 Nc5 20. Bc2 Qf7 21. b4 Nce6 22. g3 Qg6 23. Nf5 a5 24. Kh2 Nh5 25. Ne7 Qg4 26. Nd2 Rxf2+ 27. Rxf2 Qxg3+ 28. Kh1 Qxh4+ 29. Rh2 Ng3+ 30. Kg1 Qxe7 31. Qg4 axb4 32. cxb4 Qg5 33. Qxg5 Nxg5 34. Kf2 1-0

[Event "Copenhagen Open 14th"]
[Site "Copenhagen DEN"]
[Date "1992.06.??"]
[Round "7"]
[White "Jansa, Vlastimil"]
[Black "Kristensen, Bjarke"]
[Result "1/2-1/2"]
[WhiteElo "2460"]
[BlackElo "2375"]
[PlyCount "77"]
[EventDate "1992.??.??"]
[Source "www.chesslib.no"]
[SourceDate "2004.05.04"]

1. e4 e5 2. Nf3 Nc6 3. Bb5 a6 4. Ba4 Bc5 5. O-O d6 6. c3 b5 7. Bb3 Nf6 8. a4 Bb7 9. d4 Bb6 10. Bg5 h6 11. Bxf6 Qxf6 12. Bd5 O-O 13. Na3 Rfb8 14. Nc2 exd4 15. cxd4 bxa4 16. Rxa4 a5 17. Qd2 Ne7 18. Bxb7 Rxb7 19. b4 Rba7 20. b5 d5 21. e5 Qe6 22. Rb1 Rf8 23. Na1 f6 24. Nb3 fxe5 25. Nxe5 Nf5 26. Re1 Qd6 27. Nc6 Raa8 28. Nbxa5 Rae8 29. Nb3 Qf4 30. Rxe8 Rxe8 31. Ra8 Qxd2 32. Rxe8+ Kf7 33. Nxd2 Kxe8 34. Nb3 Kf7 35. Kf1 Nd6 36. Nb4 Ke6 37. Nc5+ Bxc5 38. dxc5 Nxb5 39. Ke2 1/2-1/2

[Event "Dnepropetrovsk (Ukraine)"]
[Site "?"]
[Date "2004.02.??"]
[Round "5"]
[White "Zinchenko Yaroslav"]
[Black "Papenin Nikolai"]
[Result "1-0"]
[WhiteElo "2443"]
[BlackElo "2391"]
[PlyCount "81"]
[EventDate "2004.??.??"]
[Source "www.chesslib.no"]
[SourceDate "2004.05.04"]

1. e4 e5 2. Nf3 Nc6 3. Bb5 a6 4. Ba4 Bc5 5. O-O b5 6. Bb3 Nf6 7. c3 d6 8. a4 Rb8 9. d4 Bb6 10. axb5 axb5 11. Na3 O-O 12. Nxb5 exd4 13. cxd4 Bg4 14. Be3 Qe8 15. Ba4 Qxe4 16. Nc3 Bxf3 17. Nxe4 Bxd1 18. Nxf6+ gxf6 19. Bxc6 Bh5 20. Ra3 Kh8 21. b4 f5 22. b5 f6 23. d5 Bxe3 24. Rxe3 Rg8 25. Rfe1 Rg7 26. f4 Rbg8 27. g3 h6 28. Kf2 Rh7 29. Re6 Rf8 30. Ra1 Rg7 31. Ke3 Bg6 32. Kd4 h5 33. h4 Bh7 34. Ra3 Bg8 35. Ree3 Kh7 36. Kc4 Rff7 37. Ra7 Kh8 38. Kb4 Re7 39. Rxe7 Rxe7 40. Ka5 Kg7 41. Ka6 1-0

[Event "Ch Rheinland"]
[Site "Rheinland"]
[Date "1991.??.??"]
[Round "?"]
[White "Vegh, Endre"]
[Black "Meduna, Eduard"]
[Result "1-0"]
[WhiteElo "2335"]
[BlackElo "2485"]
[PlyCount "23"]
[EventDate "1991.??.??"]
[Source "www.chesslib.no"]
[SourceDate "2004.05.04"]

1. e4 e5 2. Nf3 Nc6 3. Bb5 a6 4. Ba4 Bc5 5. c3 b5 6. Bb3 Qf6 7. O-O d6 8. d4 exd4 9. Bd5 Bd7 10. cxd4 Bb6 11. Bg5 Qg6 12. Qc1 1-0

[Event "Moscow Alekhine op"]
[Site "Moscow"]
[Date "1996.??.??"]
[Round "2"]
[White "Yagupov, Igor"]
[Black "Guliev, Logman"]
[Result "1-0"]
[WhiteElo "2450"]
[BlackElo "2350"]
[PlyCount "123"]
[EventDate "1996.??.??"]
[Source "www.chesslib.no"]
[SourceDate "2004.05.04"]

1. e4 e5 2. Nf3 Nc6 3. Bb5 a6 4. Ba4 Bc5 5. c3 Qf6 6. d4 exd4 7. e5 Qg6 8. cxd4 b5 9. Bc2 Qxg2 10. Rg1 Bb4+ 11. Nc3 Qh3 12. Rxg7 d5 13. Rxf7 Bg4 14. Rf4 Qg2 15. Be3 Nge7 16. Bd3 Ng6 17. Rf6 Rf8 18. Rxf8+ Kxf8 19. Be2 Kg7 20. Kd2 Rf8 21. Ne1 Bxe2 22. Nxg2 Bxd1 23. Rxd1 Ngxe5 24. dxe5 d4 25. Bxd4 Nxd4 26. Ke3 Nf3 27. Nf4 Nxe5 28. Ne6+ Kf7 29. Nxf8 Kxf8 30. Nd5 Bd6 31. Ke2 Kf7 32. f4 Ng6 33. Nxc7 Nxf4+ 34. Kf3 Be5 35. Nxa6 Ne6 36. b3 Kf6 37. h3 Kf5 38. Rd5 h5 39. h4 Nf4 40. Rxb5 Ng6 41. Nb4 Nxh4+ 42. Ke2 Ke4 43. Nd3 Bd4 44. Rxh5 Nf5 45. Rh3 Bb6 46. Nf2+ Kd4 47. Rd3+ Kc5 48. a3 Nd4+ 49. Kd1 Nb5 50. Ne4+ Kc6 51. b4 Nd4 52. Nc3 Nf5 53. Kc2 Nd4+ 54. Kb2 Nf5 55. a4 Bd4 56. Kb3 Bg7 57. Ne4 Nd4+ 58. Kc4 Nf5 59. a5 Bh6 60. b5+ Kc7 61. Rh3 Be3 62. Rf3 1-0

[Event "Las Vegas"]
[Site "?"]
[Date "1995.??.??"]
[Round "?"]
[White "Gufeld, E."]
[Black "Balinas, R."]
[Result "1-0"]
[WhiteElo "2440"]
[BlackElo "2340"]
[PlyCount "103"]
[EventDate "1995.??.??"]
[Source "ChessBase"]
[SourceDate "1995.10.01"]

1. e4 e5 2. Nf3 Nc6 3. Bb5 a6 4. Ba4 Bc5 5. O-O b5 6. Bb3 d6 7. c3 Bg4 8. Bd5 Qd7 9. Bxc6 Qxc6 10. Nxe5 dxe5 11. Qxg4 Nf6 12. Qg3 Qxe4 13. d4 Bd6 14. Nd2 Qe2 15. Qxg7 Ke7 16. dxe5 Bxe5 17. Qg5 Rhg8 18. Qe3 Qxe3 19. fxe3 Rg4 20. Nf3 Rag8 21. Rf2 Ke6 22. Bd2 Ne4 23. Re2 c5 24. Be1 f6 25. Rd1 Bc7 26. Rd3 c4 27. Rd4 f5 28. Rd1 Bb6 29. Nd4+ Bxd4 30. exd4 Kd5 31. Bd2 f4 32. Rf1 Ng5 33. Kh1 Ne6 34. h3 Rh4 35. Ref2 Rf8 36. Kh2 Rf6 37. Re1 Rf5 38. Rfe2 Rh6 39. Re5+ Rxe5 40. Rxe5+ Kd6 41. Rf5 Rh4 42. d5 Ng7 43. Bxf4+ Kc5 44. d6+ Nxf5 45. d7 Rxf4 46. d8=Q Nd6 47. Qg5+ Rf5 48. Qe3+ Kd5 49. Qa7 Re5 50. Qxa6 Re2 51. Qa8+ Ke5 52. b3 1-0

[Event "Tampere ELO Taraus"]
[Site "Tampere"]
[Date "1998.??.??"]
[Round "9"]
[White "Maki, Veijo"]
[Black "Tella, Jussi"]
[Result "0-1"]
[WhiteElo "2390"]
[BlackElo "2385"]
[PlyCount "80"]
[EventDate "1998.??.??"]
[Source "www.chesslib.no"]
[SourceDate "2004.05.04"]

1. e4 e5 2. Nf3 Nc6 3. Bb5 a6 4. Ba4 Bc5 5. O-O Nge7 6. c3 O-O 7. d4 exd4 8. cxd4 Ba7 9. Nc3 d5 10. exd5 Nb4 11. Re1 Bg4 12. Bb3 Nexd5 13. h3 Be6 14. Ng5 Qf6 15. Qh5 h6 16. Nce4 Qxd4 17. Nf3 Qb6 18. Rd1 f5 19. Neg5 hxg5 20. Be3 Bf7 21. Bxb6 Bxh5 22. Bxa7 Rxa7 23. Bxd5+ Nxd5 24. Rxd5 Bxf3 25. gxf3 Raa8 26. Rad1 Rae8 27. R1d2 Re7 28. Kg2 Kh7 29. b4 Kg6 30. Rd7 Rxd7 31. Rxd7 Rf7 32. Rd8 Kf6 33. Rb8 c6 34. f4 gxf4 35. Kf3 g5 36. h4 gxh4 37. Rh8 Rd7 38. Rxh4 Rd3+ 39. Ke2 Rd4 40. Rh6+ Kg5 0-1

[Event "Las Vegas Seniors"]
[Site "Las Vegas, NV USA"]
[Date "1995.??.??"]
[Round "4"]
[White "Gufeld, Eduard E"]
[Black "Balinas, Rosendo C"]
[Result "1-0"]
[WhiteElo "2435"]
[BlackElo "2340"]
[PlyCount "56"]
[EventDate "1995.??.??"]
[Source "www.chesslib.no"]
[SourceDate "2004.05.04"]

1. e4 e5 2. Nf3 Nc6 3. Bb5 a6 4. Ba4 Bc5 5. O-O b5 6. Bb3 d6 7. c3 Bg4 8. Bd5 Qd7 9. Bxc6 Qxc6 10. Nxe5 dxe5 11. Qxg4 Nf6 12. Qg3 Qxe4 13. d4 Bd6 14. Nd2 Qe2 15. Qxg7 Ke7 16. dxe5 Bxe5 17. Qg5 Rhg8 18. Qe3 Qxe3 19. fxe3 Rg4 20. Nf3 Bd6 21. Rf2 Ke6 22. h4 Rag8 23. Bd2 Ne4 24. Re2 c5 25. Be1 f6 26. Rd1 Bc7 27. Rd3 c4 28. Rd4 h5 1-0

[Event "Hoogovens-B"]
[Site "Wijk aan Zee"]
[Date "1981.??.??"]
[Round "8"]
[White "Povah, Nigel E"]
[Black "Haik, Aldo"]
[Result "0-1"]
[WhiteElo "2365"]
[BlackElo "2405"]
[PlyCount "110"]
[EventDate "1981.01.??"]
[Source "ChessBase"]

1. e4 e5 2. Nf3 Nc6 3. Bb5 a6 4. Ba4 Bc5 5. O-O f6 6. c3 d6 7. d4 Ba7 8. h3 Nge7 9. Be3 O-O 10. Bb3+ Kh8 11. a4 Qe8 12. dxe5 fxe5 13. Nh4 Ng6 14. Bg5 Nxh4 15. Bxh4 Qg6 16. Qd3 Qh5 17. Bg3 Bxh3 18. gxh3 Rf3 19. Bd1 Rxd3 20. Bxh5 Rxg3+ 21. Kh2 Rg5 22. Bg4 Rf8 23. Nd2 Rf4 24. f3 Ne7 25. Rae1 h5 26. Bd7 Ng6 27. Re2 Nh4 28. Bc8 Be3 29. Bxb7 Bxd2 30. Rxd2 Nxf3+ 31. Rxf3 Rxf3 32. Bxa6 Rgg3 33. Bc8 Rd3 34. Rf2 Rgf3 35. Rg2 Rd1 36. a5 Ra1 37. a6 Rff1 38. Bb7 Rh1+ 39. Kg3 g5 40. Re2 Kg7 41. Re3 Rhb1 42. Re2 Rd1 43. Bc8 Re1 44. Rxe1 Rxe1 45. Bb7 Ra1 46. b4 Ra3 47. Kg2 Kf6 48. b5 h4 49. Bc8 g4 50. hxg4 Kg5 51. Kh2 Ra2+ 52. Kh3 Ra5 53. c4 Ra3+ 54. Kh2 h3 55. c5 dxc5 0-1

[Event "Cheliabinsk-B"]
[Site "Chelyabinsk RUS"]
[Date "1989.??.??"]
[Round "?"]
[White "Filipenko, Alexander V"]
[Black "Arbakov, Valentin"]
[Result "1/2-1/2"]
[WhiteElo "2370"]
[BlackElo "2400"]
[PlyCount "111"]
[EventDate "1989.??.??"]
[Source "www.chesslib.no"]
[SourceDate "2004.05.04"]

1. e4 e5 2. Nf3 Nc6 3. Bb5 a6 4. Ba4 Bc5 5. O-O b5 6. Bb3 d6 7. c3 Nf6 8. d4 Bb6 9. Bg5 h6 10. Bxf6 Qxf6 11. Bd5 Bd7 12. Na3 Rd8 13. Nc2 O-O 14. Qd2 Rfe8 15. Rfe1 Ne7 16. Ne3 c6 17. Bb3 exd4 18. Nxd4 Ng6 19. Bc2 Nf4 20. Rad1 g6 21. Kh1 Qg5 22. g3 Ne6 23. f4 Qh5 24. Qg2 Nxd4 25. cxd4 Bh3 26. Qf2 Kh8 27. a3 Bc8 28. Rg1 g5 29. f5 f6 30. g4 Qf7 31. h4 c5 32. Nd5 Ba7 33. Kg2 cxd4 34. Bd3 Bb7 35. hxg5 hxg5 36. Rh1+ Kg7 37. Rdf1 Bxd5 38. exd5 Qxd5+ 39. Qf3 Qxf3+ 40. Rxf3 Re3 41. Rxe3 dxe3 42. Rc1 Bd4 43. Rc7+ Kf8 44. b3 d5 45. a4 bxa4 46. bxa4 a5 47. Bb5 Bb6 48. Rc6 Bd4 49. Rc7 Be5 50. Rh7 Kg8 51. Rd7 Rc8 52. Rxd5 Bf4 53. Be2 Ra8 54. Rd7 Rc8 55. Rd5 Ra8 56. Rd7 1/2-1/2